[Event "Oberliga Ost-B 1920"]
[Site "Germany"]
[Date "2020.03.01"]
[Round "9.8"]
[White "Hein, Lennart"]
[Black "Spitzl, Vinzent"]
[Result "0-1"]
[WhiteElo "1867"]
[BlackElo "2344"]
[PlyCount "72"]
[EventDate "2019.09.29"]
[EventType "team-tourn"]
[EventRounds "11"]
[EventCountry "GER"]
[SourceTitle "EXT 2023"]
[Source "ChessBase"]
[SourceDate "2022.10.05"]
[SourceVersion "1"]
[SourceVersionDate "2022.10.05"]
[SourceQuality "1"]
[WhiteTeam "Marburg"]
[BlackTeam "Griesheim"]
[WhiteTeamCountry "GER"]
[BlackTeamCountry "GER"]

1. d4 Nf6 2. Nf3 d5 3. c4 e6 4. g3 Bb4+ 5. Bd2 Be7 6. Bg2 0-0 7. 0-0 Nbd7 8. Qc2 Ne4 9. Bf4 c6 10. Nc3 g5 11. Bc1 f5 12. Nd2 Nef6 13. Rb1 a5 14. a3 Qb6 15. e3 Qc7 16. b4 axb4 17. axb4 b5 18. cxb5 cxb5 19. Qb3 Ba6 20. Bb2 Nb6 21. Rfd1 Nc4 22. Ba1 Ne4 23. Ncxe4 fxe4 24. Qc3 Bc8 25. Nb3 Bd6 26. Nc5 Qf7 27. Rf1 Ra2 28. Bb2 g4 29. Qb3 Ra7 30. Qc2 h5 31. h4 gxh3 32. Bxh3 Qg6 33. Kh1 Rg7 34. Ra1 h4 35. Rg1 hxg3 36. Ra8 Qh5 0-1